| 000 | 00688nam a2200229 a 4500 | ||
|---|---|---|---|
| 005 | 20250307063831.0 | ||
| 008 | 180417s2015 es r 000 0 spa d | ||
| 020 | _a9788499217123 | ||
| 035 | _aUPN01000224145 | ||
| 049 | _aI | ||
| 050 | 4 |
_aQB209.5 _bS2.2 |
|
| 100 | 1 |
_aSátiro, Angélica _933619 |
|
| 245 | 1 | 1 |
_a¿A qué dedico mi tiempo? / _cAngélica Sátiro ; il. Edgar Ramírez. |
| 260 |
_aBarcelona : _bOctaedro, _c2015. |
||
| 300 |
_a31 p. : _bil. col. |
||
| 440 | 0 | _aJuanita y sus amigos | |
| 650 | 4 |
_aTiempo _vLiteratura infantil _923602 |
|
| 650 | 4 |
_aTiempo _xFilosofía _924842 |
|
| 650 | 4 |
_aLibros y lectura para niños _92290 |
|
| 905 | _aInfantil | ||
| 999 |
_c196242 _d196242 |
||